Local governance in Western Europe (Record no. 129678)
[ view plain ]
| 000 -LEADER | |
|---|---|
| fixed length control field | 01249nam a2200337 a 4500 |
| 082 04 - DEWEY DECIMAL CLASSIFICATION NUMBER | |
| Classification number | 320.8/094 |
| 100 1# - MAIN ENTRY--AUTHOR NAME | |
| Personal name | John, Peter, |
| 245 10 - TITLE STATEMENT | |
| Title | Local governance in Western Europe |
| 260 ## - PUBLICATION, DISTRIBUTION, ETC. (IMPRINT) | |
| Place of publication | London ; |
| -- | Thousand Oaks, Calif. : |
| Name of publisher | SAGE, |
| Year of publication | 2001. |
| 300 ## - PHYSICAL DESCRIPTION | |
| Number of Pages | xii, 202 p. |
| 490 1# - SERIES STATEMENT | |
| Series statement | Sage politics texts |
| 650 #0 - SUBJECT ADDED ENTRY--TOPICAL TERM | |
| Topical Term | Local government |
| Topical Term | Comparative government. |
| 856 40 - ELECTRONIC LOCATION AND ACCESS | |
| Uniform Resource Identifier | http://site.ebrary.com/lib/rucke/Doc?id=10218320 |
No items available.
